Normal view MARC view
  • The No.1 International Bestseller

Entry Geographic Name

Number of records used in: 1

001 - CONTROL NUMBER

  • control field: 105761

003 - CONTROL NUMBER IDENTIFIER

  • control field: NUST

005 - DATE AND TIME OF LATEST TRANSACTION

  • control field: 20221223123309.0

008 - FIXED-LENGTH DATA ELEMENTS

  • fixed length control field: 221223|| aca||aabn | a|a d

040 ## - CATALOGING SOURCE

  • Original cataloging agency: NUST
  • Transcribing agency: NUST

151 ## - HEADING--GEOGRAPHIC NAME

  • Geographic name: The No.1 International Bestseller

670 ## - SOURCE DATA FOUND

  • Source citation: Work cat.: (NUST)217591: E.Ricks, Thomas 105759, Fiasco :, 2009
© 2023 Central Library, National University of Sciences and Technology. All Rights Reserved.